Química de alimentos : manual de laboratorio
Kaydedildi:
| Yazar: | |
|---|---|
| Diğer Yazarlar: | , |
| Materyal Türü: | Kitap |
| Baskı/Yayın Bilgisi: |
San José, Costa Rica : Editorial Universidad de Costa Rica
2003
|
| Konular: | |
| Etiketler: |
Etiketle
Etiket eklenmemiş, İlk siz ekleyin!
|
MARC
| LEADER | 00000nam a2200000Ia 4500 | ||
|---|---|---|---|
| 003 | 000125 | ||
| 005 | 20221231144021.0 | ||
| 008 | 140114s2003 c a 000 ||s d | ||
| 040 | |c cru CEDI | ||
| 082 | |a 664.07 H565q | ||
| 100 | |a Herrera Ramírez, Carlos Hernán |9 18429 | ||
| 245 | |a Química de alimentos : manual de laboratorio | ||
| 260 | |a San José, Costa Rica : Editorial Universidad de Costa Rica |c 2003 | ||
| 300 | |a xii, 142 páginas : ilustraciones | ||
| 650 | |x ALIMENTOS - COMPOSICION |x ALIMENTOS - CLASIFICACION |9 18432 | ||
| 700 | |9 18430 |a Bolaños V, Nuria | ||
| 700 | |9 18431 |a Lutz C, Giselle | ||
| 942 | |2 ddc |c BK | ||
| 999 | |c 15669 |d 15669 | ||
